000 00636cam a2200193 a 4500
001 000001537
005 20200929145619.0
008 811117s1970 fr abc 000 0 fre
040 _aDO-SdBNP
_cCarP
_dDLC
082 _a910.202
_bC448v
245 0 0 _aChamonix et sa vallée, :
_ble Mont-Blanc. /
_cEditor, François Monmarché.
260 _aParis, :
_bHachette,
_c1970.
300 _a78 p. :
_bil., mapas, retrs., ;
_c16 cm.
651 4 _aChamonix-Mont-Blanc (Francia{Rpara}
_95043
651 4 _aBlanc, Mont (Francia E Italia{Rpara}
_95044
650 4 _aViajes
_vGUÍAS
_95045
700 1 _aMonmarché, François,
_eed.
_95046
910 _aDC
999 _c1440
_d1440